Groups of 4 - Movies - Statistics

General Stats
  • This quiz has been taken 210 times
  • The average score is 9 of 20
Answer Stats
Answer % Correct
Avatar
86%
The Temple of Doom
84%
Titanic
83%
Pulp Fiction
76%
The Kingdom of the Crystal Skull
76%
The Last Crusade
73%
Raiders of the Lost Ark
65%
Shaun of the Dead
51%
Hot Fuzz
48%
Django Unchained
47%
Jackie Brown
38%
Peter Venkman
37%
Egon Spengler
31%
Hateful Eight
31%
The World's end
27%
Raymond Stanz
26%
Paul
25%
Winston Zeddemore
15%
Star Wars: The Force Awakens
11%
Jurassic World
9%
No matching quizzes found
Score Distribution
Percent of People with Each Score
Percentile by Number Answered
Your Score History
You have not taken this quiz